000 00290nam a2200109Ia 4500
008 180205s9999 xx 000 0 und d
020 _a9710800868
100 _aSicat, Gerardo P.
245 _aEconomics /
260 _aMandaluyong City
_bNational book store
_c1983
300 _avii, 892 pages
999 _c354883
_d354883